Mansfield Town Trivia - Statistics

General Stats
  • This quiz has been taken 8 times
  • The average score is 6 of 15
Answer Stats
Question Answer % Correct
What is Mansfield Town’s nickname? The {Stags}
100%
Who is the current manager of Mansfield Town? Nigel Clough
86%
What is the name of Mansfield Town’s stadium? One Call Stadium
71%
With which club does Mansfield Town contest the Miners’ Strike Derby? Chesterfield
57%
Who captained Mansfield Town to promotion in 1985/86 and victory in the 1987 Freight Rover Trophy Final before guiding the club to promotion as player-manager in 1992? George Foster
43%
Who is Mansfield Town’s longest-serving manager, taking charge of a record 311 games between 1983 and 1989? Ian Greaves
43%
Who is Mansfield Town’s record signing, arriving from Newport County for £200k in 2024? Will Evans
43%
Who was the most recent captain of Mansfield Town? Aden Flint
29%
Which Mansfield Town player finished as the league’s top scorer during their 2012/13 Conference title-winning campaign? Matt Green
29%
Who is Mansfield Town’s record sale, joining Swindon Town for around £600k (including a subsequent selling-on fee) in 1985? Colin Calderwood
14%
Mansfield Town was founded in 1897 under what name? Mansfield Wesleyans
14%
Which Englishman is Mansfield Town’s record appearance-maker with 522? Rod Arnold
14%
In 2009, Mansfield Town named their supporters’ bar after which club legend? Sandy Pates
14%
Who was Mansfield Town’s top scorer in the 1977/78 season, their only campaign in the second tier? Dave Syrett
0%
Which Englishman is Mansfield Town’s record goalscorer with 114? Harry Johnson
0%
No matching quizzes found
Score Distribution
Percent of People with Each Score
Percentile by Number Answered
Your Score History
You have not taken this quiz